000 01598nam0a2200325 4500
001 RU\NLR\bibl\16449
005 20260407002746.0
010 _a5-89554-001-5
035 _a(NLR Aleph) 000016074
090 _a67571
_c67571
100 _a19990317d1997 k y0rusy50 ca
101 0 _arus
102 _aRU
105 _ay |||||||||
200 1 _aАсимметричность Федерации
_eСб.
_fПодгот. Центром конституц. исслед. Моск. обществ. науч. фонда
_gПод ред. Андрея Захарова
210 _aМ.
_cПрогр. содействия демократии в рамках Тасис и Фаре и др.
_d1997
215 _a139 с.
_d20
601 0 2 _aТасис, программа экономического сотрудничества
_jСборники
_92084063
_3RU\NLR\auth\661260140
606 0 _aФедерализм
_jСборники
_yРоссийская Федерация
_92077763
_3RU\NLR\auth\661253475
686 _aУ9(2)-18(2Р)я43
686 _aФ3(2)12я43
702 1 _4340
_8rus
_7ca
_aЗахаров
_bА. А.
_cканд. филос. наук
_f1961-
_gАндрей Александрович
_3RU\NLR\AUTH\7774881
_957809
712 0 2 _4570
_aМосковский общественный научный фонд
_bЦентр конституционных исследований
_3RU\NLR\AUTH\889993372
_9483253
801 0 _aRU
_bNLR
_c19990317
_gPSBO
801 1 _aRU
_bNLR
_c19990317
852 _aNLR
_j98-3/10736
942 _cBOOK
980 _aNB